000 00621nam a2200229Ia 4500
003 OSt
005 20220924151320.0
006 a|||||r|||| 00| 0
007 ta
008 220923b |||||||| |||| 00| 0 ara d
024 _a337097
037 _cTextual
040 _aARTS
_cARTS
_bara
041 _2ara
_aara
082 _aO28,1F50,1, K9.1-.2
100 _aNasr Mohammad Ibraheem Au.
_9223998
245 0 _aDeewan-e-Ibne Seena al-Mulk
260 _c1969
650 _aARABIC POETRY
942 _hO28,1F50,1, K9.1-.2
_cTEXL
_2CC
999 _c466158
_d466158